[Event "España ch sub-16 2012"]
[Site "Salobreña ESP"]
[Date "2012.07.16"]
[Round "1.24"]
[White "Perez Cabas, Jose"]
[Black "Matesanz Bonastre, Rafael"]
[Result "1-0"]
[WhiteElo "2039"]
[BlackElo "1691"]
[PlyCount "94"]
[EventDate "2012.07.16"]
[EventType "swiss"]
[EventRounds "9"]
[EventCountry "ESP"]
[Source "lmi"]
[SourceDate "2012.07.16"]

1. e4 e6 2. d4 d5 3. Bd3 c5 4. exd5 Qxd5 5. dxc5 Qxg2 6. Qf3 Qxf3 7. Nxf3 Bxc5
8. Rg1 g6 9. Nc3 Nc6 10. Ne4 Be7 11. Bf4 Bd7 12. Rd1 Nf6 13. Nd6+ Bxd6 14. Bxd6
O-O-O 15. Ne5 Be8 16. Nxc6 Rxd6 17. Nxa7+ Kb8 18. Nb5 Rxd3 19. Rxd3 Bxb5 20.
Rf3 Nd7 21. Rxf7 Ne5 22. Rf6 Bc6 23. Rg3 Re8 24. h3 Kc8 25. Re3 Nc4 26. Rexe6
Nxb2 27. Rxe8+ Bxe8 28. Re6 Bd7 29. Re7 Bxh3 30. Rxh7 Bf5 31. Rh4 Bxc2 32. Kd2
Bf5 33. Rd4 b5 34. Kc3 Na4+ 35. Kb4 Bd7 36. Rd6 g5 37. f3 Kc7 38. Rg6 Nb6 39.
Rxg5 Bc6 40. Rf5 Nd5+ 41. Kc5 Ne7 42. Rf7 Kd7 43. Rxe7+ Kxe7 44. Kxc6 b4 45.
Kb5 Ke6 46. Kxb4 Ke5 47. a4 Kd5 1-0

[Event "España ch sub-16 2012"]
[Site "Salobreña ESP"]
[Date "2012.07.16"]
[Round "2.1"]
[White "Santos Latasa, Jaime"]
[Black "Ventura Bolet, Maxim"]
[Result "1-0"]
[WhiteElo "2399"]
[BlackElo "1943"]
[PlyCount "123"]
[EventDate "2012.07.16"]
[EventType "swiss"]
[EventRounds "9"]
[EventCountry "ESP"]
[Source "lmi"]
[SourceDate "2012.07.16"]

1. Nf3 Nf6 2. c4 c5 3. g3 b6 4. Bg2 Bb7 5. O-O e6 6. Nc3 d6 7. b3 a6 8. Bb2 Be7
9. Rc1 O-O 10. e3 Nbd7 11. d4 Rc8 12. d5 exd5 13. Ne1 Qc7 14. Nxd5 Nxd5 15.
Bxd5 Bxd5 16. Qxd5 Bf6 17. Nd3 Bxb2 18. Nxb2 Nf6 19. Qd3 Qc6 20. Rfd1 Rfd8 21.
Na4 b5 22. Nc3 bxc4 23. Qxc4 d5 24. Qa4 Qe6 25. Qh4 Qe5 26. Qf4 Qxf4 27. gxf4
d4 28. Na4 dxe3 29. fxe3 h6 30. Nb6 Rxd1+ 31. Rxd1 Rc7 32. Rd8+ Kh7 33. Nc4 Rd7
34. Ra8 Rd1+ 35. Kg2 Rc1 36. Rxa6 Ne4 37. f5 Rc2+ 38. Kf3 Ng5+ 39. Kg3 Ne4+ 40.
Kf4 Nc3 41. a4 Rxh2 42. Rc6 Nxa4 43. Kg3 Rc2 44. Ne5 Nc3 45. Nxf7 Nd5 46. e4
Rc3+ 47. Kf2 Nf6 48. e5 Ng4+ 49. Ke2 Rxb3 50. Rc8 g6 51. f6 g5 52. Rc7 Kg8 53.
Re7 c4 54. Nd6 Re3+ 55. Kd2 c3+ 56. Kc2 Rf3 57. Re8+ Kh7 58. f7 Nxe5 59. Rxe5
Kg7 60. Re8 Rxf7 61. Nxf7 Kxf7 62. Re1 1-0

[Event "España ch sub-16 2012"]
[Site "Salobreña ESP"]
[Date "2012.07.16"]
[Round "2.2"]
[White "Gonzalez Benavides, Jose Antonio"]
[Black "Suarez Garcia, Carlos"]
[Result "1/2-1/2"]
[WhiteElo "1918"]
[BlackElo "2306"]
[PlyCount "77"]
[EventDate "2012.07.16"]
[EventType "swiss"]
[EventRounds "9"]
[EventCountry "ESP"]
[Source "lmi"]
[SourceDate "2012.07.16"]

1. e4 d6 2. d4 g6 3. Nc3 Bg7 4. Be3 c6 5. a4 Qc7 6. Nf3 Nd7 7. Bc4 e6 8. Bb3
Ne7 9. O-O O-O 10. Qd2 Re8 11. Rfe1 b6 12. Rad1 a6 13. Bh6 Bb7 14. Bxg7 Kxg7
15. Qf4 Rf8 16. Re3 e5 17. Qh4 Ng8 18. Ng5 h6 19. Nxf7 Rxf7 20. Bxf7 Kxf7 21.
Rf3+ Kg7 22. Rg3 Ndf6 23. dxe5 dxe5 24. Rgd3 Re8 25. Qh3 Bc8 26. Qe3 Re7 27. f3
Rd7 28. g3 Ne7 29. a5 b5 30. b4 Qa7 31. Qxa7 Rxa7 32. Ne2 Be6 33. Nc1 Kf7 34.
Rd8 Bc4 35. Nd3 Bxd3 36. cxd3 Rd7 37. Ra8 Rd4 38. Rxa6 Rxb4 39. Ra1 1/2-1/2

[Event "España ch sub-16 2012"]
[Site "Salobreña ESP"]
[Date "2012.07.16"]
[Round "2.3"]
[White "Iglesias Garcia, Jorge"]
[Black "Nicolas Zapata, Irene"]
[Result "1/2-1/2"]
[WhiteElo "1912"]
[BlackElo "2235"]
[PlyCount "59"]
[EventDate "2012.07.16"]
[EventType "swiss"]
[EventRounds "9"]
[EventCountry "ESP"]
[Source "lmi"]
[SourceDate "2012.07.16"]

1. d4 Nf6 2. c4 e6 3. Nc3 Bb4 4. e3 O-O 5. Nf3 d5 6. Bd2 c5 7. a3 Bxc3 8. Bxc3
Ne4 9. Qc2 Nxc3 10. Qxc3 cxd4 11. Nxd4 Qf6 12. Nb5 Qxc3+ 13. Nxc3 dxc4 14.
O-O-O b6 15. Bxc4 Bb7 16. f3 Nc6 17. Be2 Rfc8 18. Kb1 Na5 19. Ka2 Kf8 20. Rd2
Ke7 21. Rhd1 Bc6 22. Ba6 Rd8 23. Rxd8 Rxd8 24. Rxd8 Kxd8 25. b4 Bb7 26. Bxb7
Nxb7 27. Ne4 Ke7 28. Kb3 f5 29. Nc3 a6 30. a4 1/2-1/2

[Event "España ch sub-16 2012"]
[Site "Salobreña ESP"]
[Date "2012.07.16"]
[Round "2.4"]
[White "Montoliu Cervero, Francisco"]
[Black "Valero Gutierrez, Alvaro"]
[Result "1-0"]
[WhiteElo "2230"]
[BlackElo "1927"]
[PlyCount "129"]
[EventDate "2012.07.16"]
[EventType "swiss"]
[EventRounds "9"]
[EventCountry "ESP"]
[Source "lmi"]
[SourceDate "2012.07.16"]

1. e4 d6 2. d4 Nf6 3. Nc3 Nbd7 4. Nf3 e5 5. Bc4 h6 6. O-O Be7 7. Re1 c6 8. a4
Qc7 9. a5 O-O 10. b3 Rd8 11. dxe5 dxe5 12. Ba3 Bxa3 13. Rxa3 Nc5 14. Qe2 Bg4
15. h3 Bh5 16. b4 Ncd7 17. Raa1 Nf8 18. g4 Bg6 19. Red1 Qe7 20. Rxd8 Rxd8 21.
Rb1 Ne6 22. Bxe6 Qxe6 23. Kh2 Ne8 24. Qe3 a6 25. Qc5 f6 26. Re1 Rd7 27. Re2 h5
28. Kg3 hxg4 29. hxg4 Bf7 30. Rd2 Nc7 31. Qb6 Ne8 32. Na4 Rxd2 33. Nxd2 Qe7 34.
Nc5 Nd6 35. Qa7 Kf8 36. Qb8+ Be8 37. f3 g6 38. Nf1 f5 39. Kg2 fxg4 40. fxg4 Kg7
41. Nh2 Bf7 42. Nf3 Ba2 43. c3 Bb1 44. Nd2 Ba2 45. Kf3 Be6 46. g5 Ba2 47. Ke2
Be6 48. Kd3 Bh3 49. c4 Bg4 50. Kc3 Be2 51. Kb3 Bd1+ 52. Kb2 Be2 53. Kc3 Bd1 54.
Nd3 Nf7 55. Nc5 Nd6 56. Kd3 Bg4 57. Qa7 Qxg5 58. Nxb7 Nf7 59. Nd6 Be6 60. Nxf7
Bxf7 61. Qxa6 Qg3+ 62. Kc2 Qa3 63. Qb7 Qa4+ 64. Kd3 Qa3+ 65. Ke2 1-0

[Event "España ch sub-16 2012"]
[Site "Salobreña ESP"]
[Date "2012.07.16"]
[Round "2.5"]
[White "Montoya Pecurul, Marc"]
[Black "Navarrete Espi, Samuel"]
[Result "1/2-1/2"]
[WhiteElo "1903"]
[BlackElo "2197"]
[PlyCount "62"]
[EventDate "2012.07.16"]
[EventType "swiss"]
[EventRounds "9"]
[EventCountry "ESP"]
[Source "lmi"]
[SourceDate "2012.07.16"]

1. e4 e5 2. Nf3 Nc6 3. Bb5 a6 4. Ba4 Nf6 5. O-O Be7 6. Re1 d6 7. c3 Bg4 8. d3
Nd7 9. h3 Bh5 10. Nbd2 Nc5 11. Bc2 Ne6 12. Nf1 Ng5 13. Bxg5 Bxg5 14. Ng3 Bxf3
15. Qxf3 g6 16. Rad1 Qf6 17. Qxf6 Bxf6 18. Nf1 Bg5 19. Ne3 Bxe3 20. Rxe3 f5 21.
exf5 gxf5 22. f4 O-O-O 23. Rf1 Rhf8 24. Bb3 Rde8 25. Rfe1 Re7 26. fxe5 dxe5 27.
Bd5 Rfe8 28. Bxc6 bxc6 29. Rg3 Kd7 30. Rg5 Rf8 31. Rh5 Ra8 1/2-1/2

[Event "España ch sub-16 2012"]
[Site "Salobreña ESP"]
[Date "2012.07.16"]
[Round "2.6"]
[White "Escudero Manzano, Alejandro"]
[Black "Ordoñez Torres, Maria Del Carmen"]
[Result "1-0"]
[WhiteElo "2192"]
[BlackElo "1913"]
[PlyCount "61"]
[EventDate "2012.07.16"]
[EventType "swiss"]
[EventRounds "9"]
[EventCountry "ESP"]
[Source "lmi"]
[SourceDate "2012.07.16"]

1. e4 e5 2. Nf3 Nc6 3. d4 exd4 4. Nxd4 Nf6 5. Nxc6 bxc6 6. Bd3 d5 7. exd5 cxd5
8. Bb5+ Bd7 9. Bxd7+ Qxd7 10. O-O Be7 11. Nd2 O-O 12. b3 Bd6 13. Bb2 Qf5 14.
Nf3 Rad8 15. Qd3 Ne4 16. Rad1 Rfe8 17. g3 c5 18. Kg2 Bf8 19. Nd2 c4 20. Qf3 Qg6
21. bxc4 Nxd2 22. Rxd2 dxc4 23. Rfd1 Rb8 24. Bd4 a6 25. h4 Qe6 26. Bc3 h6 27.
Rd7 Bb4 28. Bxb4 Rxb4 29. R1d6 Qe5 30. Qxf7+ Kh8 31. Rxh6+ 1-0

[Event "España ch sub-16 2012"]
[Site "Salobreña ESP"]
[Date "2012.07.16"]
[Round "2.7"]
[White "Domingo Nuñez, Alejandro"]
[Black "Acosta Sosa, Juan Manuel"]
[Result "1/2-1/2"]
[WhiteElo "1883"]
[BlackElo "2166"]
[PlyCount "61"]
[EventDate "2012.07.16"]
[EventType "swiss"]
[EventRounds "9"]
[EventCountry "ESP"]
[Source "lmi"]
[SourceDate "2012.07.16"]

1. e4 c5 2. Nc3 Nc6 3. g3 g6 4. Bg2 Bg7 5. d3 e6 6. f4 d6 7. Nf3 Nge7 8. O-O
O-O 9. Be3 Nd4 10. Qd2 Rb8 11. Ne1 b6 12. Nd1 Ndc6 13. c3 d5 14. Nf3 Ba6 15.
Re1 d4 16. cxd4 Nxd4 17. Nf2 Nec6 18. e5 Nf5 19. g4 Nxe3 20. Rxe3 Nb4 21. Ng5
Qd4 22. a3 Nxd3 23. Nxd3 Bxd3 24. Qxd3 Qxf4 25. Nh3 Qxg4 26. Re4 Qh5 27. Qe2
Qxe2 28. Rxe2 Rbd8 29. Nf2 Rd4 30. Rd1 Rfd8 31. Bf1 1/2-1/2

[Event "España ch sub-16 2012"]
[Site "Salobreña ESP"]
[Date "2012.07.16"]
[Round "2.8"]
[White "Shen, Yue"]
[Black "Nuñez Miranda, Adrian"]
[Result "1-0"]
[WhiteElo "2148"]
[BlackElo "1909"]
[PlyCount "91"]
[EventDate "2012.07.16"]
[EventType "swiss"]
[EventRounds "9"]
[EventCountry "ESP"]
[Source "lmi"]
[SourceDate "2012.07.16"]

1. d4 d6 2. c4 e5 3. Nf3 Nd7 4. Nc3 Ngf6 5. g3 Be7 6. Bg2 O-O 7. O-O c6 8. e4
Re8 9. Re1 Qc7 10. b3 Nf8 11. h3 h6 12. Bb2 Ng6 13. Qc2 Nh7 14. Rad1 Ng5 15.
Nxg5 Bxg5 16. c5 dxc5 17. dxe5 Rxe5 18. f4 Bxf4 19. gxf4 Nxf4 20. Nd5 cxd5 21.
Bxe5 Qxe5 22. exd5 Bf5 23. Rxe5 Bxc2 24. Rd2 Nxg2 25. Kxg2 Bg6 26. d6 Rd8 27.
Rxc5 Kf8 28. Kf3 Ke8 29. Re5+ Kd7 30. Re7+ Kc6 31. b4 a6 32. Rc7+ Kb6 33. Rc5
Ka7 34. Kf4 Kb8 35. a4 Rd7 36. Ke5 Rd8 37. d7 b6 38. Rc1 a5 39. bxa5 bxa5 40.
Rc5 Kb7 41. Kd6 Kb6 42. Rb5+ Ka6 43. Rdd5 Bd3 44. Rxd3 f5 45. Rdd5 Rb8 46.
Rxa5+ 1-0

[Event "España ch sub-16 2012"]
[Site "Salobreña ESP"]
[Date "2012.07.16"]
[Round "2.9"]
[White "Rodriguez Garcia, Carlos"]
[Black "Diaz Camallonga, Carles"]
[Result "0-1"]
[WhiteElo "1866"]
[BlackElo "2144"]
[PlyCount "107"]
[EventDate "2012.07.16"]
[EventType "swiss"]
[EventRounds "9"]
[EventCountry "ESP"]
[Source "lmi"]
[SourceDate "2012.07.16"]

1. e4 c5 2. Nf3 Nc6 3. Bb5 e6 4. Bxc6 bxc6 5. b3 e5 6. Nxe5 Qe7 7. Bb2 f6 8.
Nf3 Qxe4+ 9. Qe2 Qxe2+ 10. Kxe2 d5 11. Re1 Ba6+ 12. d3 Rb8 13. Kf1+ Kf7 14. Kg1
Bd6 15. Nc3 Ne7 16. Ba3 Rhd8 17. Rad1 Bb5 18. Ne2 Ba6 19. c4 Bc8 20. Nc3 Bg4
21. Na4 Bxf3 22. gxf3 Nf5 23. Bxc5 Bxc5 24. Nxc5 Nh4 25. Re3 d4 26. Re6 Rbc8
27. f4 Ng6 28. f5 Nf8 29. Re4 g6 30. Rde1 Rc7 31. fxg6+ hxg6 32. b4 f5 33. Re5
Kf6 34. Na6 Rb7 35. a4 g5 36. Rc5 Rb6 37. b5 cxb5 38. axb5 Ne6 39. Rce5 Nf4 40.
Nb4 Rb7 41. Rc5 Kg6 42. Ree5 Rf7 43. Rc6+ Kh5 44. c5 Rb8 45. b6 axb6 46. cxb6
Rfb7 47. Na6 Rxb6 48. h3 Rb1+ 49. Kh2 R8b2 50. Kg3 Rg1+ 51. Kf3 Nxh3 52. Rxf5
Rxf2+ 53. Ke4 Re1+ 54. Kxd4 0-1

[Event "España ch sub-16 2012"]
[Site "Salobreña ESP"]
[Date "2012.07.16"]
[Round "2.10"]
[White "Gutierrez Valero, Mario"]
[Black "Domingo Nuñez, Ruben"]
[Result "1-0"]
[WhiteElo "2135"]
[BlackElo "1887"]
[PlyCount "61"]
[EventDate "2012.07.16"]
[EventType "swiss"]
[EventRounds "9"]
[EventCountry "ESP"]
[Source "lmi"]
[SourceDate "2012.07.16"]

1. d4 Nf6 2. c4 g6 3. Nc3 Bg7 4. e4 d6 5. h3 O-O 6. Bg5 c6 7. Bd3 Qc7 8. Nge2
Re8 9. O-O Nbd7 10. Qd2 e5 11. d5 Nc5 12. Bc2 cxd5 13. cxd5 Bd7 14. b4 Na6 15.
a3 Rac8 16. Bd3 Nh5 17. Rac1 Bf8 18. g4 f6 19. Be3 Ng7 20. Ng3 h5 21. f3 f5 22.
exf5 gxf5 23. gxf5 Qd8 24. Bg5 Be7 25. Bh6 h4 26. Bxg7 hxg3 27. Qh6 Bf8 28. f6
e4 29. f7+ Kxf7 30. fxe4+ Kg8 31. Qh8# 1-0

[Event "España ch sub-16 2012"]
[Site "Salobreña ESP"]
[Date "2012.07.16"]
[Round "2.11"]
[White "Alvarez Serrano, Carlos"]
[Black "Rubio Tent, Francisco"]
[Result "0-1"]
[WhiteElo "1857"]
[BlackElo "2120"]
[PlyCount "79"]
[EventDate "2012.07.16"]
[EventType "swiss"]
[EventRounds "9"]
[EventCountry "ESP"]
[Source "lmi"]
[SourceDate "2012.07.16"]

1. e4 c6 2. d4 d5 3. exd5 cxd5 4. c4 Nf6 5. Nc3 g6 6. Nf3 Bg7 7. c5 Nc6 8. Bb5
O-O 9. Bxc6 bxc6 10. Qa4 Qc7 11. Ne5 Bb7 12. O-O Nd7 13. f4 Rad8 14. Qc2 e6 15.
Qe2 f6 16. Nxd7 Qxd7 17. Be3 Rfe8 18. Qf2 Ba6 19. Rfe1 Bc8 20. Bc1 Rf8 21. Rf1
Bb7 22. Qe2 Rfe8 23. Be3 Ba6 24. Qd2 Bd3 25. Rfe1 Bf5 26. Rad1 e5 27. h3 Qc7
28. b4 a6 29. Na4 exd4 30. Bxd4 Kf7 31. h4 Bh6 32. g3 Be4 33. Qc3 Bg7 34. Nb6
Qe7 35. Rd2 Qe6 36. Kh2 Qg4 37. Rde2 Bf5 38. Re3 Qh3+ 39. Kg1 Be4 40. Qb2 0-1

[Event "España ch sub-16 2012"]
[Site "Salobreña ESP"]
[Date "2012.07.16"]
[Round "2.12"]
[White "Sanchez Garcia, Julio"]
[Black "Mercado Larrea, Adrian"]
[Result "1-0"]
[WhiteElo "2108"]
[BlackElo "1875"]
[PlyCount "55"]
[EventDate "2012.07.16"]
[EventType "swiss"]
[EventRounds "9"]
[EventCountry "ESP"]
[Source "lmi"]
[SourceDate "2012.07.16"]

1. d4 d5 2. c4 c6 3. Nf3 Nf6 4. Nc3 dxc4 5. a4 Bf5 6. Ne5 e6 7. f3 Bb4 8. e4
Bxe4 9. fxe4 Nxe4 10. Bd2 Qxd4 11. Nxe4 Qxe4+ 12. Qe2 Bxd2+ 13. Kxd2 Qd5+ 14.
Kc2 Na6 15. Nxc4 O-O 16. Qe5 Rfd8 17. Qxd5 Rxd5 18. Ne3 Rc5+ 19. Kb3 Re5 20.
Nc4 Nc5+ 21. Kb4 Rd5 22. Be2 b5 23. axb5 cxb5 24. Nb6 a5+ 25. Rxa5 Rxa5 26.
Nxd5 Nb7 27. Nc3 Ra8 28. Nb1 1-0

[Event "España ch sub-16 2012"]
[Site "Salobreña ESP"]
[Date "2012.07.16"]
[Round "2.13"]
[White "Garcia Martinez, Marcos"]
[Black "Santos Ruiz, Miguel"]
[Result "1/2-1/2"]
[WhiteElo "1849"]
[BlackElo "2106"]
[PlyCount "71"]
[EventDate "2012.07.16"]
[EventType "swiss"]
[EventRounds "9"]
[EventCountry "ESP"]
[Source "lmi"]
[SourceDate "2012.07.16"]

1. d4 Nf6 2. g3 e6 3. Bg2 Be7 4. Nf3 b6 5. c4 Bb7 6. Nc3 O-O 7. O-O Na6 8. Re1
Ne4 9. Nd2 Nxc3 10. bxc3 Bxg2 11. Kxg2 c5 12. e4 Qc7 13. Ba3 Rfe8 14. d5 Bf6
15. Rc1 exd5 16. cxd5 b5 17. Qb3 Qa5 18. f4 d6 19. Bb2 c4 20. Qa3 Qb6 21. Re2
Nc5 22. Ba1 Nd3 23. Rb1 Rac8 24. Kf3 Rc5 25. Re3 a5 26. Qa4 Qa6 27. Qc2 Qc8 28.
Nf1 Qh3 29. Qg2 Nxf4 30. Qxh3 Nxh3 31. Kg2 Ng5 32. h4 Rxe4 33. Rxe4 Nxe4 34.
Re1 Rxd5 35. Rxe4 Be5 36. Kf2 1/2-1/2

[Event "España ch sub-16 2012"]
[Site "Salobreña ESP"]
[Date "2012.07.16"]
[Round "2.14"]
[White "Dominguez Carnero, Javier"]
[Black "Marchena Hurtado, Javier"]
[Result "1/2-1/2"]
[WhiteElo "1845"]
[BlackElo "2085"]
[PlyCount "106"]
[EventDate "2012.07.16"]
[EventType "swiss"]
[EventRounds "9"]
[EventCountry "ESP"]
[Source "lmi"]
[SourceDate "2012.07.16"]

1. d4 d5 2. c4 c6 3. Nf3 Nf6 4. e3 a6 5. Nbd2 b5 6. b3 Bg4 7. Be2 e6 8. O-O
Nbd7 9. Bb2 Be7 10. Qc2 O-O 11. Bd3 Kh8 12. Rae1 Bh5 13. Ne5 Nxe5 14. dxe5 Nd7
15. f3 Bg6 16. Bxg6 hxg6 17. Kh1 dxc4 18. bxc4 Nc5 19. Bd4 Rc8 20. Rd1 Qa5 21.
Nb3 Nxb3 22. axb3 c5 23. Bc3 Qc7 24. Qe4 Rfd8 25. Qc2 Rxd1 26. Rxd1 Rd8 27.
Rxd8+ Qxd8 28. Qd2 Kg8 29. Qxd8+ Bxd8 30. Kg1 Kf8 31. Kf1 Ke8 32. Ke2 Kd7 33.
Kd3 Kc6 34. e4 Bg5 35. g3 Bc1 36. Ba5 Bb2 37. f4 Bd4 38. Be1 Kb6 39. Kc2 Be3
40. Kd3 Bc1 41. Kc2 Ba3 42. Bf2 Bb4 43. Be3 Ka5 44. g4 Ba3 45. Kc3 Bb4+ 46. Kc2
Kb6 47. f5 Kc6 48. Kd3 Kd7 49. Bg5 gxf5 50. exf5 Be1 51. Be3 Kc6 52. Bf4 Bh4
53. Bg5 Be1 1/2-1/2

[Event "España ch sub-16 2012"]
[Site "Salobreña ESP"]
[Date "2012.07.16"]
[Round "2.15"]
[White "Rojano Alfonso, Carlos"]
[Black "Antunez Muñoz, Juan Jesus"]
[Result "1-0"]
[WhiteElo "2084"]
[BlackElo "1860"]
[PlyCount "72"]
[EventDate "2012.07.16"]
[EventType "swiss"]
[EventRounds "9"]
[EventCountry "ESP"]
[Source "lmi"]
[SourceDate "2012.07.16"]

1. d4 Nf6 2. c4 g6 3. Nc3 Bg7 4. e4 O-O 5. Bd3 d6 6. Bg5 c5 7. d5 e6 8. dxe6
Bxe6 9. f4 Qb6 10. Nge2 Ng4 11. Qd2 f6 12. Bh4 Bh6 13. O-O Nd7 14. b3 Rfe8 15.
Bc2 Bf8 16. h3 Nh6 17. f5 gxf5 18. exf5 Bf7 19. Ne4 d5 20. cxd5 Re5 21. d6 Rd5
22. Qf4 Bg7 23. N2g3 Kh8 24. Kh1 Ng8 25. Rad1 Qc6 26. Nc3 Rxd1 27. Rxd1 Bh6 28.
Qe4 Qa6 29. Bd3 Qa5 30. Qxb7 Qxc3 31. Qxa8 Ne5 32. Bxf6+ Bg7 33. Bxe5 Qxe5 34.
Ne4 Bd5 35. Qc8 Qf4 36. f6 Bf8 1-0

[Event "España ch sub-16 2012"]
[Site "Salobreña ESP"]
[Date "2012.07.16"]
[Round "2.16"]
[White "Perez Tores, Juan Miguel"]
[Black "Moreno Ibañez, Miguel"]
[Result "0-1"]
[WhiteElo "1834"]
[BlackElo "2055"]
[PlyCount "78"]
[EventDate "2012.07.16"]
[EventType "swiss"]
[EventRounds "9"]
[EventCountry "ESP"]
[Source "lmi"]
[SourceDate "2012.07.16"]

1. e4 c5 2. Nf3 a6 3. d4 cxd4 4. Nxd4 Nf6 5. Nc3 e5 6. Nb3 Bb4 7. Bd2 O-O 8.
Qe2 d6 9. g3 Bg4 10. f3 Be6 11. Bg2 Qc7 12. O-O-O b5 13. Kb1 Nc6 14. f4 Bxc3
15. Bxc3 b4 16. Be1 a5 17. f5 a4 18. Nc1 Bc8 19. Bf2 Ba6 20. Qd2 Rfd8 21. h3 a3
22. b3 Rac8 23. g4 h6 24. Rhe1 Ne7 25. Nd3 Bxd3 26. cxd3 d5 27. Rc1 Qd6 28. Bh4
Rxc1+ 29. Rxc1 dxe4 30. Bxf6 gxf6 31. Bxe4 Nd5 32. Bxd5 Qxd5 33. Qxb4 Qxd3+ 34.
Ka1 e4 35. Qxa3 e3 36. Qb4 e2 37. Qe1 Qd2 38. a4 Kh8 39. b4 Ra8 0-1

[Event "España ch sub-16 2012"]
[Site "Salobreña ESP"]
[Date "2012.07.16"]
[Round "2.17"]
[White "Forsberg Conde, Martin"]
[Black "Blesa Fernandez, Francisco"]
[Result "1-0"]
[WhiteElo "2046"]
[BlackElo "1835"]
[PlyCount "64"]
[EventDate "2012.07.16"]
[EventType "swiss"]
[EventRounds "9"]
[EventCountry "ESP"]
[Source "lmi"]
[SourceDate "2012.07.16"]

1. e4 e6 2. d4 d5 3. Nc3 Nf6 4. e5 Nfd7 5. f4 c5 6. Nf3 Nc6 7. Be3 Be7 8. Be2
O-O 9. O-O f6 10. exf6 Nxf6 11. Ne5 Nxd4 12. Bxd4 cxd4 13. Qxd4 Qc7 14. Kh1 a6
15. a4 Bc5 16. Qd3 b6 17. Bf3 Bb7 18. Ne2 Rac8 19. c3 Bd6 20. Nd4 Rce8 21. Rae1
Ne4 22. Bxe4 dxe4 23. Qg3 Bxe5 24. fxe5 Qc4 25. Rxf8+ Rxf8 26. h3 Rf1+ 27. Rxf1
Qxf1+ 28. Kh2 e3 29. Nxe6 g6 30. Qg5 Kf7 31. Nf4 e2 32. Qf6+ Ke8 1-0

[Event "España ch sub-16 2012"]
[Site "Salobreña ESP"]
[Date "2012.07.16"]
[Round "2.18"]
[White "Garcia-Castany Musellas, Galla"]
[Black "Alonso Vara, Maria"]
[Result "1/2-1/2"]
[WhiteElo "2042"]
[BlackElo "1833"]
[PlyCount "69"]
[EventDate "2012.07.16"]
[EventType "swiss"]
[EventRounds "9"]
[EventCountry "ESP"]
[Source "lmi"]
[SourceDate "2012.07.16"]

1. e4 c5 2. Nf3 d6 3. d4 cxd4 4. Nxd4 Nf6 5. Nc3 a6 6. Be2 e5 7. Nb3 Be7 8. O-O
O-O 9. Be3 Be6 10. Qd2 Nbd7 11. a4 Rc8 12. a5 Qc7 13. Rfd1 Rfe8 14. Qe1 Bf8 15.
Nc1 Nc5 16. Nb1 Red8 17. b4 d5 18. exd5 Bf5 19. c4 Re8 20. Qd2 Bg6 21. Na2 h5
22. g3 Be7 23. h4 Qd8 24. Rc1 Rc6 25. f4 exf4 26. gxf4 Kh8 27. Kh1 b5 28. cxb5
axb5 29. Nbc3 Kg8 30. Qd3 Nxd5 31. Qxd5 Kf8 32. Qf5 Kg8 33. Qd5 Kf8 34. Qf5 Kg8
35. Qd5 1/2-1/2

[Event "España ch sub-16 2012"]
[Site "Salobreña ESP"]
[Date "2012.07.16"]
[Round "2.20"]
[White "Ruiz Font, Elisabet"]
[Black "Prado Acebo, Ines"]
[Result "1-0"]
[WhiteElo "2039"]
[BlackElo "1825"]
[PlyCount "65"]
[EventDate "2012.07.16"]
[EventType "swiss"]
[EventRounds "9"]
[EventCountry "ESP"]
[Source "lmi"]
[SourceDate "2012.07.16"]

1. e4 c5 2. Nf3 e6 3. d4 cxd4 4. Nxd4 Qc7 5. Bd3 Nc6 6. Nxc6 dxc6 7. f4 e5 8.
f5 Bc5 9. Qf3 g6 10. Nd2 Qe7 11. Nb3 Bb6 12. g4 Qh4+ 13. Qg3 Bd8 14. Bd2 Qxg3+
15. hxg3 f6 16. Bc3 g5 17. Ke2 b5 18. a4 bxa4 19. Rxa4 Bb6 20. Bc4 Kf8 21. Bb4+
Kg7 22. Raa1 Nh6 23. Kf3 Bd7 24. Rad1 Rad8 25. Be7 Rhe8 26. Bxd8 Rxd8 27. Rd2
Be8 28. Rxd8 Bxd8 29. Nc5 Bf7 30. Bxf7 Nxf7 31. Ne6+ Kg8 32. Nxd8 Nxd8 33. Ra1
1-0

[Event "España ch sub-16 2012"]
[Site "Salobreña ESP"]
[Date "2012.07.16"]
[Round "2.21"]
[White "Ordas Martinez, Jose"]
[Black "Perez Cabas, Jose"]
[Result "0-1"]
[WhiteElo "1825"]
[BlackElo "2039"]
[PlyCount "94"]
[EventDate "2012.07.16"]
[EventType "swiss"]
[EventRounds "9"]
[EventCountry "ESP"]
[Source "lmi"]
[SourceDate "2012.07.16"]

1. e3 Nf6 2. f4 c5 3. Nf3 e6 4. g3 d5 5. Bg2 Be7 6. O-O Nc6 7. d3 O-O 8. Nbd2
Re8 9. Re1 b6 10. b3 Bb7 11. Bb2 Qc7 12. h3 Rad8 13. Qe2 Nd7 14. e4 Bf6 15. e5
Be7 16. c3 Ba6 17. Nf1 d4 18. c4 Bb7 19. N1h2 f6 20. exf6 Bxf6 21. Ng4 e5 22.
Nd2 exf4 23. Qxe8+ Rxe8 24. Rxe8+ Kf7 25. Re2 Nce5 26. Bxb7 Qxb7 27. Ne4 Qc6
28. Nxe5+ Nxe5 29. Rd1 fxg3 30. Bc1 Qc7 31. Kg2 Ng6 32. Ng5+ Bxg5 33. Bxg5 h6
34. Rf1+ Kg8 35. Bd2 Nh4+ 36. Kg1 Qc6 37. Re4 g5 38. Be1 g2 39. Rf2 Qd7 40. Rg4
Kg7 41. Rxh4 gxh4 42. Rxg2+ Kh7 43. Kh2 Qd6+ 44. Kg1 Qe6 45. Bxh4 Qxh3 46. Bf6
Qe3+ 47. Kh1 Qf3 0-1

[Event "España ch sub-16 2012"]
[Site "Salobreña ESP"]
[Date "2012.07.16"]
[Round "2.22"]
[White "Nieves Cabanes, Javier"]
[Black "Chaikhiev Chaikhieva, Miguel A"]
[Result "1-0"]
[WhiteElo "2037"]
[BlackElo "1824"]
[PlyCount "84"]
[EventDate "2012.07.16"]
[EventType "swiss"]
[EventRounds "9"]
[EventCountry "ESP"]
[Source "lmi"]
[SourceDate "2012.07.16"]

1. d4 Nf6 2. c4 e6 3. Nc3 Bb4 4. e3 O-O 5. Bd3 d5 6. cxd5 Nxd5 7. Bd2 c5 8. a3
Ba5 9. Nf3 cxd4 10. exd4 Nf6 11. O-O Nc6 12. Bg5 h6 13. Bh4 Bb6 14. Ne2 g5 15.
Bg3 Bc7 16. Ne5 Bxe5 17. dxe5 Ng4 18. f4 Ne3 19. Qd2 Nxf1 20. Rxf1 f6 21. Rd1
fxe5 22. fxe5 Qe7 23. b4 a6 24. Qe3 Bd7 25. Nc3 Be8 26. Ne4 b5 27. h4 Qa7 28.
Nc5 Bh5 29. Be2 Bxe2 30. Rd7 Qb8 31. Qe4 Rf5 32. Nxe6 Qb6+ 33. Kh2 Bg4 34. Qxg4
Rf1 35. Nc5 Rf7 36. Qe6 Raf8 37. Qg6+ Kh8 38. Qxh6+ Kg8 39. Qxg5+ Kh7 40. Qh5+
Kg8 41. Qg6+ Kh8 42. Rxf7 Nb8 1-0

[Event "España ch sub-16 2012"]
[Site "Salobreña ESP"]
[Date "2012.07.16"]
[Round "2.23"]
[White "Ananian, Arman"]
[Black "Lopez Caudevilla, David"]
[Result "1-0"]
[WhiteElo "1823"]
[BlackElo "1999"]
[PlyCount "99"]
[EventDate "2012.07.16"]
[EventType "swiss"]
[EventRounds "9"]
[EventCountry "ESP"]
[Source "lmi"]
[SourceDate "2012.07.16"]

1. e4 d6 2. d4 Nf6 3. Nc3 g6 4. Be2 Bg7 5. h4 h5 6. Nf3 Nc6 7. d5 Ne5 8. Nxe5
dxe5 9. f3 a6 10. Be3 Qd6 11. Qd2 O-O 12. O-O-O b5 13. Rdg1 Bd7 14. g4 b4 15.
Nd1 hxg4 16. Nf2 gxf3 17. Bxf3 Rfc8 18. h5 Nh7 19. hxg6 fxg6 20. Bh6 Qf6 21.
Bxg7 Qxg7 22. Rh6 g5 23. Rxh7 Kxh7 24. Rxg5 Qf6 25. Rh5+ Kg7 26. Rg5+ Kf8 27.
Bg4 Bxg4 28. Rxg4 Ke8 29. b3 Rab8 30. Kb2 Kd7 31. Nd3 Rg8 32. Rxg8 Rxg8 33.
Qxb4 Ke8 34. Qb8+ Kf7 35. Qxc7 Rg5 36. a4 Qd6 37. Qc3 Kf6 38. Qc6 Qxc6 39. dxc6
Ke6 40. c7 Kd7 41. Nc5+ Kc8 42. Nxa6 Rg4 43. Nc5 Kxc7 44. Kc3 Rg2 45. Kd3 Kc6
46. b4 Rh2 47. c3 Ra2 48. Kc4 Ra1 49. a5 Rb1 50. Nd3 1-0